00434pab a2200157 454500008004000000100001900040245007100059260000900130300001600139362001100155650002600166650001800192650001200210700002000222773003400242180718b2006 xxu||||| |||| 00| 0 eng d aSen, Suchartia aGlobalisation and expanding markets for cut-flowers: who benefits? c2006 ap.2725-731. a30 Jun aAgricultural products aGlobalization aFlowers aRaju, Saraswati aEconomic and Political Weekly